=LDR 00000nam 2200000 4500 =001 000401 =005 20250710032427 =035 ##$$a 0010-0725000263 =007 ta =008 250710################a##########0#ind## =020 ##$$a 978-623-307-448-3 =082 ##$$a 398.209 598 =084 ##$$a 398.209 598 RAJ a =100 #$$a Anika Rajput =245 1#$$a Aku ingin kue /$c Anika Rajput =250 ##$$a Cetakan Kedua =260 ##$$a Rawamangun :$b Badan Pengembangan dan Pembinaan Bahasa,$c 2022 =300 ##$$a 20 hlm. : $b Ilus. ; $c 29 cm. =650 #4$$a Cerita Anak Indonesia - Terjemahan =650 #4$$a Literasi - Bahan bacaan =856 ##$$a TBM AS SUHADA =990 ##$$a TBM01250125